000
00338nam a2200145Ia 4500
008
230718s9999 xx 000 0 und d
041
_a
Eng.
082
_a
954.9
_b
SAY-P
100
_a
Sayeed, Khalid B,
245
0
_a
Pakistan Formative Theory
260
_a
Pakistan
_b
Oxford press
_c
2016
300
_a
341
650
_a
Law
999
_c
31279
_d
31279